| 000 | 00504nam a22001697a 4500 | ||
|---|---|---|---|
| 999 |
_c166439 _d166439 |
||
| 010 | _aENG-126058 | ||
| 020 |
_a978-93-8546-287-0 _c895.00(hb) |
||
| 035 | _aEN-109590 | ||
| 037 | _bDBAD/PUB | ||
| 082 | _a371.102 | ||
| 100 | _aGhuman, Karminder | ||
| 245 |
_aEffective Mentoring/ _cby Karminder Ghuman |
||
| 260 |
_aNew Delhi _bAne Books Pvt.Ltd. |
||
| 270 | _a4821,Parwana Bhawan,1st Floor24 Ansari Road, Darya Ganj | ||
| 300 |
_a167 _c22cm(hb) |
||
| 942 |
_2ddc _cEN _h371.102 _mGHU |
||